[Event "EU-Cup 19th"]
[Site "Rethymno"]
[Date "2003.10.03"]
[Round "6.3"]
[White "Bauer, Christian"]
[Black "Malakhov, Vladimir"]
[Result "1-0"]
[WhiteElo "2589"]
[BlackElo "2696"]
[Annotator "Postny,E"]
[PlyCount "123"]
[EventDate "2003.09.28"]
[EventType "team-swiss"]
[EventRounds "7"]
[EventCountry "GRE"]
[SourceTitle "CBM 098"]
[Source "ChessBase"]
[SourceDate "2004.02.03"]
[SourceVersion "1"]
[SourceVersionDate "2004.02.03"]
[SourceQuality "1"]
[WhiteTeam "Clichy Echecs 92"]
[BlackTeam "Norilsk Nikel"]
[WhiteTeamCountry "FRA"]
[BlackTeamCountry "RUS"]

1. e4 c5 2. Nf3 Nc6 3. d4 cxd4 4. Nxd4 g6 5. Nc3 Bg7 6. Be3 Nf6 7. Bc4 O-O 8.
Bb3 a5 9. f3 ({Another theoretical line goes with} 9. O-O a4) 9... d5 10. Bxd5
Nxd5 11. exd5 (11. Nxd5 f5 12. Nxc6 bxc6 13. Nb6 Rb8 14. Qxd8 Rxd8 15. Rd1
Rxd1+ 16. Kxd1 fxe4 17. Nxc8 Rxc8 18. b3 exf3 19. gxf3 a4 $11 {1/2-1/2 Landa,
K-Kuzubov,Y/Rethymnon 2003/CBM 98 (62)}) 11... Nb4 12. Nde2 e6 {More popular
continuation is 12...Bf5.} 13. a3 (13. Qd2 exd5 14. a3 d4 15. O-O-O Nxc2 $1 16.
Bf2 Na1 $1 17. Kb1 Nb3 18. Qc2 dxc3 19. Rxd8 Rxd8 20. Nxc3 Bf5 21. Ne4 Nd2+ 22.
Ka1 Rac8 $19 {0-1 Sammalvuo,T-Wedberg,T/Osterskan 1994/TD (26)}) (13. O-O Nxd5
14. Nxd5 Qxd5 15. Qxd5 exd5 16. c3 Re8 17. Kf2 $11 {0-1 Zapata,A-Gonzalez,J/
Merida 2002 (62)}) 13... Nxd5 14. Nxd5 exd5 15. Bd4 Bh6 (15... Bxd4 16. Qxd4
Re8 17. Kf2 Bf5 18. c3 Rc8 19. Rhe1 b5 20. b4 Rc4 21. Qd2 Qb6+ 22. Nd4 Rec8 23.
Re3 Bd7 $11 {1/2-1/2 Lanka,Z-Zilberman,Y/Manila 1992/TD (50)}) 16. O-O Bf5 $146
(16... Re8 17. Re1 (17. Bf2 Qg5 18. Nd4 Bg7 19. c3 Bh3 20. Bg3 Qe3+ 21. Kh1
Bxd4 22. Re1 Qg5 23. Qxd4 $16 {1/2-1/2 Lendwai,R-Volkmann,F/Austria 1996/CBM
52 ext (60)}) 17... Ra6 18. Nc3 Rae6 19. Rxe6 fxe6 20. Qe2 e5 $132 {1/2-1/2
Klovans,J-Quinn,M/Schwarzach 1998/EXT 2000 (35)}) (16... Ra6 17. Kh1 Re8 18.
Bf2 a4 19. Re1 Rae6 20. Nc3 Rxe1+ 21. Bxe1 d4 22. Nxa4 Be3 23. Nc5 Bf5 $44 {
1/2-1/2 Hector,J-Hernandez,R/Thessaloniki 1988/TD (52)}) 17. Ng3 Qd7 18. c3
Rfe8 {Black's isolated pawn is compensated by the pair of strong bishops.} 19.
Rf2 ({It was possible to eliminate one of black's bishops:} 19. Nxf5 Qxf5 20.
Re1 {, but white can hope for a tiny advantage only.}) 19... a4 20. Qf1 Bf4 21.
Rd1 Be6 22. Re2 ({Possible was} 22. Ne2 Bd6 23. Nc1 {trying to transfer the
knight to a better pastures.}) 22... Qb5 23. Rde1 Bd7 24. Qf2 Rxe2 25. Rxe2 Re8
{After the exchange of rooks, the position has strong tendency for a draw.} 26.
Rxe8+ Bxe8 27. Be3 Bc7 28. Qd2 f6 $1 {Covering dark squares on the kingside.}
29. Bd4 Bd8 30. Nf1 (30. Qf4 Qc6 $11) 30... Qc6 31. Qf4 Bc7 32. Qh4 (32. Qxf6
$6 Qxf6 33. Bxf6 Bf4 $15 {[%csl Rb2][%cal Gf4c1]}) 32... g5 33. Qh6 $6 {
Moving the queen far away from the queenside, where black can start active
actions.} (33. Qe1 $11) 33... Bb6 34. h4 $1 (34. Qh3 $6 Bxd4+ 35. cxd4 Qb6 {
[%csl Rb2,Rd4]} 36. Qc8 Qxd4+ 37. Kh1 Kf8 38. Qxb7 Qc4 39. Qb4+ Qxb4 40. axb4
Ke7 {with good winning chances.}) 34... Bxd4+ 35. cxd4 Qb6 {[%csl Rb2,Rd4]} 36.
hxg5 Qxd4+ 37. Kh1 Bg6 38. gxf6 Qxf6 $15 {Black's chances are preferable,
thanks to strong passed pawn.} 39. Qd2 d4 40. Kg1 Qb6 41. Kf2 Kf7 42. Ke1 Ke6
$6 {Malakhov is trying to achieve progress at any price, but this king's
voyage is too optimistic. White's tandem queen+knight may become dangerous.} (
42... Qd6 $5) 43. Ng3 Kd5 44. Ne2 Kc4 45. g4 Qd6 46. f4 Be4 $6 ({Better was} 
46... Bd3 {intending to eliminate white's knight.}) 47. f5 h5 $2 {This
careless move is a decisive mistake.} ({The least of the evils was} 47... Bc6 {
, though white is already better anyway.}) {[%tqu "En","Find the best move.",
"","","d2f4","",10]} 48. Qf4 $1 $18 Qd5 (48... Qxf4 49. Nxf4 hxg4 50. f6 {
[%csl Gf6] and white's pawn queens.}) 49. Ng3 Bd3 50. gxh5 Qa5+ 51. Kf2 Qb6 52.
Qc1+ Kd5 53. h6 {This pawn is unstoppable.} Bc4 54. h7 d3+ (54... Qf6 55. Qh1+
$18 {[%cal Gh7h8]}) 55. Kf1 {This is certainly a mistake in the scoresheet,
since out of white's five legal replies the move 55.Kf1 is the only one, that
loses due to 55...d2! I guess, that white actually played the best 55.Kg2.} ({
The key variation is:} 55. Kg2 Qd4 56. Qc3 Qxc3 57. bxc3 d2 58. h8=Q d1=Q 59.
Qd8+ $18 {[%csl Rd1]}) 55... Qd4 56. Qc3 Qe3 {Again 56...d2. See the previous
comment.} 57. Qa5+ Kc6 58. Qxa4+ Kb6 59. Qb4+ Ka6 60. Qa4+ Kb6 61. Qb4+ Ka6 62.
Qxc4+ 1-0

[Event "EU-chT (Men) 14th"]
[Site "Plovdiv"]
[Date "2003.10.18"]
[Round "7.2"]
[White "Fedorov, Alexei"]
[Black "Spasov, Vasil"]
[Result "1-0"]
[WhiteElo "2595"]
[BlackElo "2543"]
[Annotator "Postny,E"]
[PlyCount "61"]
[EventDate "2003.10.10"]
[EventType "team-swiss"]
[EventRounds "9"]
[EventCountry "BUL"]
[SourceTitle "CBM 098"]
[Source "ChessBase"]
[SourceDate "2004.02.03"]
[SourceVersion "1"]
[SourceVersionDate "2004.02.03"]
[SourceQuality "1"]
[WhiteTeam "Belarus"]
[BlackTeam "Bulgaria"]
[WhiteTeamCountry "BLR"]
[BlackTeamCountry "BUL"]

1. e4 c5 2. Nf3 Nc6 3. Nc3 g6 4. d4 cxd4 5. Nxd4 Bg7 6. Be3 Nf6 7. Bc4 O-O 8.
Bb3 a5 9. O-O d6 ({Another possibility is} 9... a4) 10. Ndb5 {Solid
alternatives are: 10.f3 and 10.h3. The move in the text provokes black to play
a5-a4.} a4 {This leads to 9...a4 variation by transposition.} 11. Nxa4 Nxe4 12.
Qe2 (12. Bb6 Qd7 13. Re1 Qf5 14. Nc7 Rxa4 15. Bxa4 Bxb2 16. Nd5 e6 17. f3 exd5
18. fxe4 dxe4 $15 {1-0 Moreno Carnero,J-San Segundo Carrillo,P/Cala Galdana
1999/EXT 2000 (43)}) (12. Re1 Ra6 13. c4 Nf6 14. h3 Na5 15. Qe2 Nxb3 16. axb3
Bd7 17. Rad1 Bxb5 18. cxb5 Ra8 19. Qf3 $36 {1-0 Bologan,V-Wojtkiewicz,A/Bastia
1999/CBM 73 ext (41)}) 12... Nf6 (12... Ra6 13. c4 Nf6 14. Rfd1 Bg4 15. f3 Bd7
16. Nac3 Re8 17. a3 Qb8 18. Rac1 Ne5 19. Nd5 $14 {0-1 Balogh,C-Wirig,A/Pula
2003/CBM 94 ext (53)}) (12... Nc5 13. Nxc5 dxc5 14. Bxc5 Bxb2 15. Rad1 Qa5 16.
a4 Bf6 17. Qe3 $16 {1-0 Gonzalez Menendez,I-Sierra Canosa,F/Aviles 2002/EXT
2003 (46)}) 13. c4 (13. Bb6 Qd7 14. Rfe1 Qg4 15. f3 Qh5 16. Rad1 Bd7 17. Nac3
Ne5 18. Bd4 Nc6 19. Bf2 Rac8 20. Qe3 Bh6 21. Qb6 $14 {1-0 Guseinov,K-Gouliev,S/
Baku 2000/EXT 2002 (76)}) 13... Be6 $6 $146 (13... Nd7 14. Rfd1 b6 15. Nac3 Nc5
16. Bc2 Nb4 17. Bd4 Bb7 18. Bxg7 Kxg7 19. a3 Nxc2 20. Qxc2 Qd7 21. Nd5 $14 {
1/2-1/2 Anisimov,P-Savchenko,B/Essentuki 2003/CBM 93 ext (27)}) (13... Bg4 14.
f3 Be6 15. Bb6 Qd7 16. Rad1 Na5 17. Bxa5 Rxa5 18. Nc5 Qc8 19. Nxe6 fxe6 20. Kh1
$14 {1-0 Sedlak,N-Gottschlich,C/Budapest 1999/CBM 73 ext (25)}) 14. Rad1 Qb8 $6
(14... Nd7 $6 15. c5 Bxb3 16. axb3 $16) (14... Na5 $5 15. Bb6 Qd7 16. Nc5 Bg4
17. Nxd7 (17. f3 $6 Qc6) 17... Bxe2 18. Nxf8 Nxb3 19. Nxg6 hxg6 20. axb3 Bxd1
21. Rxd1 Nd7 $44) 15. Nb6 {Transfering the knight to the centre with tempo.}
Ra6 16. Nd5 Rc8 17. a3 $1 {Covering b4 square, and setting free a2 square for
the bishop.} (17. Bg5 Bxd5 18. cxd5 Na5 $132) 17... Bxd5 $2 {This exchange
leads to a very tough position for black.} (17... Bf5 $5 $14) 18. cxd5 Ne5 (
18... Na5 $2 19. Ba2 $18 {[%csl Ra5][%cal Rb2b4]}) 19. Rc1 Ra8 20. Bd4 {
[%cal Gf2f4] Fedorov is not in a hurry to capture the exchange.} (20. Ba7 Rxa7
21. Rxc8+ Qxc8 22. Nxa7 Qc5 23. Nb5 (23. Qe3 Qxe3 24. fxe3 Bh6 $44) 23... Nxd5
24. Bxd5 Qxd5 $14) 20... Bf8 21. h3 {White clearly demonstrates to his
opponent, that his position is irreparable.} Ned7 22. Ba7 {Only after all the
preparations white is going for the exchange} Rxa7 23. Rxc8 Qxc8 24. Nxa7 Qc5
25. Nb5 Bg7 ({The least of the evils was} 25... Nxd5 26. Bxd5 Qxd5 27. Rc1 $16)
26. Nc3 Nh5 $6 {After this move black's position falls apart completely, but
objectively speaking he is lost anyway.} 27. Qxe7 Bxc3 28. Rc1 $1 {White's
rook joins the attack with devastating consequences.} Ne5 29. Rxc3 Qd4 30. Rc8+
Kg7 31. Qf8+ (31. Qf8+ Kf6 32. Qxd6+ {etc.}) 1-0

[Event "RUS-ch 56th"]
[Site "Krasnoyarsk"]
[Date "2003.09.09"]
[Round "6"]
[White "Timofeev, Artyom"]
[Black "Malakhov, Vladimir"]
[Result "1/2-1/2"]
[WhiteElo "2575"]
[BlackElo "2696"]
[Annotator "Postny,E"]
[PlyCount "102"]
[EventDate "2003.09.03"]
[EventType "swiss"]
[EventRounds "9"]
[EventCountry "RUS"]
[SourceTitle "CBM 098"]
[Source "ChessBase"]
[SourceDate "2004.02.03"]
[SourceVersion "1"]
[SourceVersionDate "2004.02.03"]
[SourceQuality "1"]

1. e4 c5 2. Nf3 Nc6 3. Nc3 g6 4. d4 cxd4 5. Nxd4 Bg7 6. Be3 Nf6 7. Bc4 O-O 8.
Bb3 a5 9. O-O d6 ({The main alternative is} 9... a4 {[%csl Re4]}) 10. f3 (10.
h3 Nxd4 11. Bxd4 Bd7 12. a4 Bc6 13. f4 Nd7 14. Bxg7 Kxg7 15. Qd4+ Kg8 16. Nd5
Bxd5 17. Bxd5 Qc7 18. Kh1 Rab8 19. Bc4 Qb6 20. Rad1 Qxd4 21. Rxd4 Nc5 22. b3
Rbc8 $11 {1-0 Anand,V-Malakhov,V/Hyderabad 2002/CBM 92 no vc (66)}) (10. Ndb5
b6 11. Re1 Ba6 12. a4 Rc8 13. Nd5 Nd7 14. c3 Nc5 15. Bc2 Re8 16. Rb1 Bxb5 17.
axb5 Na7 18. Qe2 e6 19. Nf4 Qd7 20. c4 $14 {1/2-1/2 Macieja,B-Malakhov,V/
Hyderabad 2002/CBM 92 no vc (42)}) 10... Nxd4 11. Bxd4 Bd7 12. a4 Bc6 13. Kh1 (
13. Nd5 Nd7 14. Bxg7 Kxg7 15. Qd4+ Kg8 16. Bc4 e6 17. Ne3 Qb6 18. Rfd1 Rfd8 19.
b3 Qxd4 20. Rxd4 Nb6 21. Rad1 Nc8 $14 {1/2-1/2 Lobzhanidze,D-Tiviakov,S/
Haarlem 2001/EXT 2002 (45)}) 13... Nd7 14. Bxg7 Kxg7 15. Qd4+ ({Comes to
consideration} 15. f4 Qb6 16. Qd2 Qb4 {- see the commented game Van den Doel,
E-Tiviakov,S/Leeuwarden 2001/CBM 84 [Tsesarsky]}) 15... Kg8 16. Rad1 $146 ({
More ambitious is to keep the queens on the board:} 16. Qd2 Qb6 17. Qg5 {
- see the commented game Lastin,A-Malakhov,V/Ekaterinburg 2002/CBM 90 
[Tsesarsky]}) 16... Qb6 {After the exchange of queens black solves his opening
problems.} 17. Qxb6 Nxb6 18. f4 $6 {This move weakens the Pe4, and black can
exploit it.} ({Can be recommended} 18. Kg1 $11 {[%cal Yg1f2,Yf2e3]}) 18... Kg7
19. Kg1 Nd7 {Transfering the knight to an excellent square c5.} 20. Bd5 Nc5 21.
Rd4 Rac8 {Black's position is already slightly preferable.} 22. g3 f5 23. exf5
(23. e5 $6 dxe5 24. fxe5 Bxd5 25. Rxd5 (25. Nxd5 Kf7 $15 {[%csl Re5]}) 25...
Rfd8 26. Rfd1 Rxd5 27. Rxd5 Kf7 $15 {[%csl Re5]}) 23... gxf5 24. Re1 Kf6 25.
Bg2 {Setting free d5 square for possible knight jump.} Rfd8 26. Kf2 Bxg2 27.
Kxg2 e6 28. Kf3 h5 29. Nd1 e5 $4 {[%mdl 8192] Very surprising tactical
oversight for such a high level.} ({Possible was} 29... Rc6 {with good
prospects for black, although the position remains about equal.}) {[%tqu "En",
"Find the best move for white.","","","d4d6","This simple tactical strike
yields White a full pawn.",5]} 30. Rxd6+ $1 {This simple tactical strike
yields White a full pawn.} Rxd6 31. fxe5+ Ke6 32. exd6+ Kxd6 33. b3 ({Probably
stronger was} 33. Ne3 Nxa4 34. b3 {followed by 35.Nxf5.}) 33... Ne6 34. Ne3 Rc3
35. Ke2 Rc5 36. Rf1 ({Good enough is} 36. Rd1+ Ke7 37. Nd5+ Kf7 38. c4) 36...
Ke7 37. Rd1 $6 {Allows Black to exchange his weak Pf5.} ({Of course not} 37.
Nxf5+ $4 Rxf5 $19 {[%cal Re6d4]}) (37. Kd3 $142 Kf6 38. c4) 37... f4 $1 {
After this exchange black is getting reasonable drawing chances.} 38. Nd5+ Kf7
39. c4 fxg3 40. hxg3 Rc6 41. Rd3 Nc5 42. Rf3+ Kg7 43. Re3 $2 {This careless
move spoils all of white's advantage.} ({Possible was} 43. Kd2) 43... Re6 $1
$11 {[%mdl 4096] Surprisingly, after the exchange of rooks white's advantage
evaporates.} 44. Rxe6 Nxe6 45. b4 (45. Kd2 Nc5 {[%csl Rb3,Rg3][%cal Gc5b3,
Gc5e4] and white is losing his extra pawn.}) 45... axb4 46. Nxb4 Nc5 47. a5 Kf6
48. Ke3 (48. Nd3 Nb3 $11 {[%csl Ra5]}) 48... Kf5 49. Kf3 {This move loses
white's extra pawn, but there was no significant improvement anyway.} Nb3 50.
a6 bxa6 51. Nxa6 Nd2+ 1/2-1/2

[Event "Belgrade RAD 30"]
[Site "Belgrade"]
[Date "1977.01.28"]
[Round "11.6"]
[White "Weinstein, Norman"]
[Black "Rajkovic, Dusan"]
[Result "1-0"]
[WhiteElo "2475"]
[BlackElo "2495"]
[Annotator "Primel,D"]
[PlyCount "76"]
[EventDate "1977.01.15"]
[EventType "tourn"]
[EventRounds "13"]
[EventCountry "SRB"]
[EventCategory "9"]
[SourceTitle "EXT 2018"]
[Source "ChessBase"]
[SourceDate "2017.10.13"]
[SourceVersion "1"]
[SourceVersionDate "2017.10.13"]
[SourceQuality "1"]
[TimeControl "40/9000:16/5400:0"]

1. e4 c5 2. Nf3 Nc6 3. d4 cxd4 4. Nxd4 Nf6 5. Nc3 g6 6. Be3 Bg7 7. Bc4 Qa5 8.
O-O d6 9. h3 O-O 10. Bb3 Bd7 11. Re1 (11. f4) 11... Rac8 12. Qd2 (12. Nd5 Rfe8
13. Bd2) 12... Rfe8 13. Rad1 b5 (13... Ne5) 14. Nxc6 Bxc6 15. Bh6 Qc7 $6 16.
Bxg7 Kxg7 17. Nd5 $1 {[%csl Rc7]} Bxd5 18. exd5 $16 {[%csl Re7]} a5 19. a4 (19.
a3 a4) 19... b4 20. Qf4 Qd7 21. Rd3 Qa7 22. Rf3 {[%cal Gg2g4,Gg4g5]} Rc5 $132
23. g4 h6 24. Qd2 Qb7 $2 (24... Rec8) 25. Rxf6 $1 Kxf6 26. Qd4+ e5 27. dxe6+
Kg5 28. Qe3+ Kf6 29. Qd4+ Kg5 30. Qxd6 $18 Qc7 31. Re5+ Kf6 32. Qxc7 Rxc7 33.
exf7 Rd8 34. Rxa5 Kg7 35. Rb5 Re7 36. Rxb4 g5 37. Rb5 Re2 38. a5 Rdd2 1-0

[Event "EU-ch 19th"]
[Site "Batumi"]
[Date "2018.03.26"]
[Round "9"]
[White "Navara, David"]
[Black "Dubov, Daniil"]
[Result "1/2-1/2"]
[WhiteElo "2737"]
[BlackElo "2701"]
[Annotator "Quintiliano,R"]
[PlyCount "51"]
[EventDate "2018.03.17"]
[EventType "swiss"]
[EventRounds "11"]
[EventCountry "GEO"]
[SourceTitle "CBM 184"]
[Source "ChessBase"]
[SourceDate "2018.05.16"]
[SourceVersion "1"]
[SourceVersionDate "2018.05.16"]
[SourceQuality "1"]

1. e4 c5 2. Nf3 Nc6 3. Nc3 g6 4. d4 cxd4 5. Nxd4 Bg7 6. Be3 Nf6 7. Bc4 O-O 8.
Bb3 Re8 $5 {An interesting move that has been played recently also by another
strong GM's as Mamedov, Nepo, and even Carlsen. The rook might be useful on e8
for many purposes, as practice has shown.} 9. f3 {This is the critical test
for Black's last move.} ({If the game goes for the normal Accelerated Dragon
lines} 9. O-O d6 10. h3 {one point about Re8 is revealed: Black didn't play
Qa5, which makes possible} Na5 {[%csl Yb3] taking the always dangerous
light-squared bishop.}) (9. h4 $5 {is the super aggressive approach:} d5 $1 {
Black must immediately counter-attack in the centre} (9... Qa5 10. h5 $5 Nxe4 (
10... Nxh5 11. Nf5 $1 {seems confused but dangerous for Black}) 11. hxg6 hxg6
12. Qf3 d5 $1 (12... Nf6 13. O-O-O {seems just very pleasant for White, with
many attacking possibilities in return for the pawn sacrificed}) 13. Bxd5 Nf6
14. Bb3 (14. Nxc6 bxc6 15. Bxc6 Bg4 16. Qf4 Nh5 $1 {[%cal Yg7c3] is a mess})
14... Bg4 (14... Nxd4 15. Bxd4 e5 16. Be3 e4 $13 {is a better option for Black}
) 15. Qg3 Rad8 16. Nxc6 bxc6 {White achieved an advantage in a curious way now}
17. Rh4 Bh5 (17... Ne4 $1) 18. Ra4 $1 {[%csl Ya7]} Qf5 19. f3 e6 20. Qf2 {
[%cal Yg2g4];Negi,P (2664)-Hou,Y (2683) Saint Louis Showdown Basque 2 2015 (1.
2) 1-0 and Black's position is difficult -}) (9... e6 $6 {was too slow} 10. h5
$1 Nxh5 (10... d5 11. Nxc6 bxc6 12. hxg6 hxg6 13. e5 Nd7 14. Qg4 $5 Bxe5 15.
O-O-O $44 {Faerber,D (2200)-Neukirchner,P (2089) GER-chT U20 Hannover 2017 (2.
4) 1-0}) 11. Qd2 {White's play is very practical, instead of a direct attack,
he just continues developing his forces, and the openend h-file will be always
useful for attacking ideas} d5 (11... Nxd4 $5 12. Bxd4 Bxd4 13. Qxd4 Qg5 {
prevents 0-0-0, but} 14. e5 $1 {[%cal Yc3e4] looks pleasant for White}) 12.
Nxc6 bxc6 13. O-O-O Qa5 14. Bh6 Bxc3 $1 {pratically the best chance for Black,
as g4 or Rxh5 were very annoying threats} 15. bxc3 Nf6 16. exd5 Nxd5 17. Kb2 e5
18. Rh4 Be6 19. Rdh1 $13 {Supi,L (2516)-El Debs,F (2531) Cuiaba Contaud op
2017 (5) 1-0 the position remains unclear, but I think White's threats on the
kingside look very dangerous, and Black was not able to find the difficult
defences when the assault started -}) 10. exd5 (10. Nxc6 bxc6 11. exd5 Nxd5 12.
Nxd5 cxd5 13. Qxd5 Qxd5 14. Bxd5 Bxb2 $11 {Fuchs,J (2307)-Daulyte,D (2392) BL
1516 (Women) 2015 (11.5) 1/2}) 10... Na5 11. h5 (11. Nde2 a6 12. a4 Nxb3 13.
cxb3 {Khanin,S (2454)-Palachev,P (2370) Samara Polugaevsky Memorial 7th 2017 
(6) 1-0} Ng4 14. Bd4 e5 $1 {this position illustrates both how useful the rook
can be on e8 for Black and how useless the move h4 can become}) (11. Qd2 $146 {
is similar} Nxb3 12. Nxb3 b5 $1 $132) 11... Nxb3 12. Nxb3 b5 $1 {this move
resembles another variation played quite often by Gelfand in recent years, in
which Black plays a quick d5 too. Comparing those positions with this one, it
seems that Re8 is an improvement for Black} 13. hxg6 hxg6 14. Nxb5 Nxd5 15. Bd4
e5 16. Bc5 {Kriebel,T (2484)-Jurcik,M (2484) TUR-chT2 Konya 2016 (1.8) 1/2} Nf4
$1 {gives good chances for Black} 17. Qxd8 Rxd8 18. g3 Bb7 19. Rf1 Ne6 20. Bxa7
Be4 {White is grabbing many pawns, but Black is more and more active, for
example} 21. a4 Bxc2 22. Nc5 Nxc5 23. Bxc5 Bd3 $17) 9... d5 $5 {Dubov has his
own opinion about this position and wants to prove that no further
preparations are necessary in order to prepare the d5-advance.} (9... e6 {
is by far the main move, as after f3 it may look like d5 opening the e-file is
a good idea. A recent and sharp game went} 10. f4 $1 {As strange as it may
look play f3 and on the next move f4; this is the best way to counter Black's
plan of d5} (10. O-O d5 11. exd5 Nxd5 12. Nxd5 exd5 13. Bf2 Qg5 {[%cal Yc8h3,
Rg5h5,Rg7e5];Zvara,P (2370)-Paravyan,D (2531) Pardubice Czech op-A 28th 2017 
(2) 0-1 looks not only harmless but also active for Black -}) 10... d6 (10...
Qa5 11. O-O d5 12. e5 Nd7 13. Ncb5 Nxd4 14. Nxd4 $14 {Karjakin,S (2783)
-Nepomniachtchi,I (2751) chess.com Speed 3m+2spm 2017 blitz (2.17) 1-0}) (10...
Ng4 {doesn't helps much} 11. Qxg4 Nxd4 12. O-O-O Nxb3+ 13. axb3 d5 14. e5 Bd7
15. h4 $36 {Saric,I (2660)-Horvath,A (2498) Biel MTO op 49th 2016 (8) 1-0}) 11.
Ndb5 {a new move} (11. Qf3 {[%cal Ge1c1] also looks interesting}) 11... Bf8 12.
Qf3 a6 13. Nd4 Na5 14. O-O b5 15. f5 exf5 16. exf5 Bb7 17. Bxf7+ $3 {a
brilliant sacrifice that leads to many complications} Kxf7 18. Qg3 Bg7 19.
fxg6+ hxg6 20. Bg5 $13 {Navara,D (2745)-Mamedov,R (2704) Vugar Gashimov Mem
2018 (1.1) 1/2}) 10. Bxd5 (10. Nxc6 bxc6 11. exd5 Nxd5 12. Nxd5 cxd5 13. Qxd5
Qxd5 14. Bxd5 Rb8 $11) ({against} 10. exd5 {Black has at least two interesting
continuations} Nb4 (10... Na5 $5 11. Qd2 Nxb3 12. Nxb3 b6 13. O-O-O Bb7 14.
Rhe1 Qd7 $44) 11. Nde2 e6 $1 {Black just doesn't regain the pawn, but instead
goes for quick development} 12. dxe6 $6 (12. Qd2 $142 Nbxd5 13. O-O-O) 12...
Bxe6 13. Bxe6 Rxe6 14. Bf2 Qxd1+ 15. Rxd1 (15. Kxd1 $2 Rd8+ $17) 15... Nxc2+
16. Kf1 Ne3+ 17. Bxe3 Rxe3 $11 {in many variations Black regains the pawn or
achieves a very active position for his pieces. No doubt Dubov was pretty
aware of these positions, so it makes sense to avoid them.}) 10... Nxd5 11.
Nxd5 (11. exd5 $6 Nb4 12. Nde2 Bf5 13. Rc1 e6 $1 {is already pleasant for
Black.}) 11... Be6 $1 {Dubov shows nice preparation, this move regains the
material by force.} 12. c4 (12. Nxe6 fxe6 13. Nf4 (13. Nc3 Qa5 14. Bd2 {
is too passive} Red8 $15) 13... Bxb2 14. Qxd8 (14. Rb1 Qa5+ 15. Bd2 Bc3 16.
Bxc3 Qxc3+ 17. Qd2 Qc4 $1 $13) 14... Nxd8 $1 {[%csl Yb7,Ye6]} 15. Rb1 Bc3+ 16.
Kf2 Rc8 17. Rhd1 Bf6 {and Black is ok} 18. Rd2 b6 $11 {[%cal Yg8f7,Yd8b7]})
12... Rc8 13. O-O {Pratically accepting the draw.} (13. b3 {would be the last
attempt to keep the material advantage} Bxd5 14. cxd5 (14. exd5 Nxd4 15. Bxd4
e5 $1 16. Bc3 b5 $1 $36) {Black has more than one attractive move here, but a
practical decision is} 14... Nxd4 (14... Nb4 $5 15. O-O e5 $1 {[%cal Yb4c2]}
16. dxe6 Rc3 $1 {[%csl Gd4,Ge3] everything in White's position is hanging}) 15.
Bxd4 Qa5+ 16. Kf2 Bxd4+ 17. Qxd4 Rc2+ 18. Kg3 $13 {[%csl Yg3] and Black's king
is in a very risky situation, so in practice is not worth taking such risks
for a pawn.}) 13... Nxd4 14. Bxd4 Rxc4 $11 {Nothing really funny happens now
and a draw was agreed after some exchanges.} 15. Bxg7 Kxg7 16. b3 Rc8 17. Qd4+
Kg8 18. Qxa7 Bxd5 19. Rad1 (19. Rfd1 e6 $11) 19... Ra8 20. Qf2 Qa5 21. Rxd5
Qxa2 22. Qxa2 Rxa2 23. Rf2 Ra1+ 24. Rf1 Ra2 25. Rf2 Ra1+ 26. Rf1 1/2-1/2